ミシュランガイドのある国・地域 - Statistics

General Stats
  • This quiz has been taken 115 times
  • The average score is 12 of 23
Answer Stats
国・地域 三つ星 二つ星 一つ星 備考 % Correct
ドイツ 9 23 205
85%
イギリス・アイルランド 4 14 122
84%
イタリア 6 37 233
84%
スペイン・ポルトガル 7 15 128
82%
フランス 26 77 455
82%
スイス 2 16 75
69%
オランダ 2 13 83
68%
ベルギー・ルクセンブルク 2 15 98
65%
オーストリア 0 10 44 廃刊
60%
東京 11 48 167
58%
ニューヨークシティー 5 10 42
55%
京都・大阪 12 40 139
55%
パリ 10 13 41
52%
ロンドン 2 7 40
51%
ロサンゼルス 0 4 16 休刊
47%
香港・マカオ 4 12 53
47%
上海 2 7 18
45%
ソウル 2 3 19
45%
サンフランシスコ 2 3 39
36%
シカゴ 2 3 18
32%
台北 1 2 17
22%
ヨーロッパ主要都市 15 55 271
8%
ラスベガス 1 3 13 休刊
6%
No matching quizzes found
Score Distribution
Percent of People with Each Score
Percentile by Number Answered
Your Score History
You have not taken this quiz